000 01360nam a2200241 a 4500
001 000024044
005 20200930022653.0
008 110118s1993 ag 000 0 spa d
020 _a9508530073 (t. 2)
020 _a9508530081 (t. 3)
040 _aDO-SdBNP
_bspa
_cBNPHU
082 _ann*
_bnn*
245 0 0 _aPsiquiatría biológica latinoamericana /
_ccompilación de Roberto Fernández Labriola, Héctor Puppo Touriz y Guillermo Caetano Esquivel.
260 _aBuenos Aires :
_bCangrejal,
_c1993.
300 _at. ;
_c19 cm.
490 1 _aCangrejal PSI. FLAPB
_vv. 3
_vv. 4
505 0 _gT. 2.
_rMariano Alvarez, Carlos Castañeda González, Marcelo Cetkovich-Bakmas, Jorge Ciprián-Ollivier, Otto Dörr Zegers, Roberto Fernández Labriola, Miguel Herrera Estrella, Carlos Hojaij, Eduardo Kalina, Jorge Nazar, Carlos Torner, Gonzalo F. Viale --
_gT. 3.
_tMarcos Abalovich, Liliana Boado, Guillermo Caetano Esquivel, José Caruso Madalena, Roxanna Delgado, Alberto Dibbern, Roberto Fernández Labriola, María del Carmen García, Rafael García, Abraham Guitelman, Eduardo Kalina, Gonzalo Matovelle, Pedro Posligua Balseca, Luis Seni.
700 1 _aFernández Labriola, Roberto.
_949387
700 1 _aPuppo Touriz, Héctor.
_949388
700 1 _aCaetano Esquivel, Guillermo.
_949389
830 0 _aCangrejal PSI
_pFLAPB,
_vv. 3
_vv. 4
_949390
049 _aBNGR
999 _c23539
_d23539